Statistics for 25 Deadliest Wars

Click here to take the quiz!

General Stats

  • This quiz has been taken 37 times
  • The average score is 7 of 25

Answer Stats

CasualtiesAnswer% Correct
60,000,000WWII
100%
18,000,000WWI
97%
1,200,000Korean War
67%
8,400,000European Conquest of the Americas
64%
3,500,000Napoleonic Wars
58%
40,000,000Mongol Conquests
42%
1,000,000Japanese Invasion of Korea
36%
7,000,000Russian Civil War
33%
1,100,000First Jewish-Roman War
24%
20,000,000Taiping Rebellion
21%
3,000,000Thirty Years' War
18%
2,000,000Zulu Conquests
15%
8,000,000Timurid Conquests
15%
8,000,000Chinese Civil War
15%
36,000,000Three Kingdoms
15%
25,000,000Second Sino-Japanese War
12%
13,000,000An Lushan Rebellion
9%
1,000,000Iran-Iraq War
9%
2,000,000French Wars of Religion
6%
2,500,000Second Congo War
6%
25,000,000Qing Conquest
6%
1,000,000Mexican Revolution
3%
1,000,000Biafran War
3%
2,000,000Goguryeo-Sui War
0%
8,000,000Dungan Revolt
0%

Score Distribution

Percentile by Number Answered

Percent of People with Each Score

Your Score History

You have not taken this quiz